000 00650nam a2200241 i 4500
001 C2-0320249
003 PPAK
005 20180728115739.0
008 121216s2012 my |||| ||||| | may d
020 _a9789830973647
040 _aPPAK
_beng
_cPPAK
_erda
082 0 4 _a297.54
_223
090 0 0 _a297.54
_bHAM
_dG
100 0 _aHamizul Abdul Hamid,
_eauthor
245 1 0 _aEksklusif zakat
264 1 _aPetaling Jaya, Selangor :
_bGaleri Ilmu ,
_c2012
300 _axiii, 257 pages ;
_c23 cm
336 _2rdacontent
_atext
337 _2rdamedia
_aunmediated
338 _2rdacarrier
_avolume
650 1 0 _aIslam - Charities
942 _ddc
_cB
999 _c120947
_d120947